Maher-shalal-hash-baz ; or, Rural life in old Virginia /

Bibliographic Details
Main Author: Johnson, Brita Elizabeth
Format: Book
Language:English
Published: Claremont, Va. : S. Olson, [1923]
Subjects:

MARC

Tag First Indicator Second Indicator Subfields
LEADER 00000cam a2200000 4500
001 in00000059045
005 20151008051017.0
008 780109s1923 vau 00010aeng
010 |a  23011416  
035 |a (OCoLC)03545907 
035 |9 AAG4982AM 
040 |a DLC  |c NGU  |d TXA  |d UtOrBLW 
049 |a TXAM  |c [331346] 
050 0 0 |a CT275.J66  |b A3 
092 |a 248.4  |b J66m 
100 1 |a Johnson, Brita Elizabeth. 
245 1 0 |a Maher-shalal-hash-baz ;  |b or, Rural life in old Virginia /  |c by Brita Elizabeth Johnson. 
264 1 |a Claremont, Va. :  |b S. Olson,  |c [1923] 
300 |a 328 pages ;  |c 20 cm. 
336 |a text  |b txt  |2 rdacontent 
337 |a unmediated  |b n  |2 rdamedia 
338 |a volume  |b nc  |2 rdacarrier 
650 0 |a Christian life  |v Fiction. 
999 |a MARS 
999 f f |s 4596882d-489d-3325-a529-0d8e0fe0b03c  |i 5fd27e23-ed4c-34eb-85d0-f02c80fabc80  |t 0 
952 f f |p ric  |a Texas A&M University  |b Rellis Campus  |c Joint Library Facility  |d Remote Storage  |t 0  |e CT275.J66 A3  |h Library of Congress classification  |i unmediated -- volume  |m A14800611727 
998 f f |a CT275.J66 A3  |t 0  |l Remote Storage